Introduction to intellectual property: Theory and practice

Đã lưu trong:
Bibliografiske detaljer
Format: Bog
Sprog:Undetermined
Udgivet: London, UK Kluwer Law International 1997
Fag:
Tags: Tilføj Tag
Ingen Tags, Vær først til at tagge denne postø!
Thư viện lưu trữ: Trung tâm Học liệu Trường Đại học Cần Thơ
LEADER 00518nam a2200157Ia 4500
001 CTU_56190
008 210402s9999 xx 000 0 und d
082 |a 341.758 
082 |b I.61 
245 0 |a Introduction to intellectual property: Theory and practice 
245 0 |c Edited by World Intellectual Property Organization (WIPO) 
260 |a London, UK 
260 |b Kluwer Law International 
260 |c 1997 
650 |a intellectual property,civil rights 
980 |a Trung tâm Học liệu Trường Đại học Cần Thơ